000 00651nam a2200205Ia 4500
003 OSt
005 20240814104444.0
008 210210b1988 xxu||||| |||| 00| 0 eng d
040 _cAL
041 _aKannada
082 _a398.6K DURB
100 _aDURGA BHAGAVAT.
_dದುರ್ಗಾ ಭಾಗವತ
_9177230
245 _aBharatiya parampare hagu sahityadalli ogatu.
_bಭಾರತೀಯ ಪರಂಪರೆ ಹಾಗೂ ಸಾಹಿತ್ಯದಲ್ಲಿ ಒಗಟು.
260 _aMangaluru.
_bD Bhagavat.,
_c1988
300 _a123
650 _aRiddles, Ogatu
_9177231
690 _aFolklore
_9177232
906 _a042085
942 _2ddc
_cBK
999 _c91751
_d91751